Auckland International Airport - Australian Destinations - Statistics

General Stats
  • This quiz has been taken 236 times
  • The average score is 7 of 9
Answer Stats
Yearly Passenger Movements Destination % Correct
1,582,520 Sydney
99%
968,841 Brisbane
98%
1,168,391 Melbourne
98%
212,301 Perth
98%
76,243 Adelaide
94%
314,627 Gold Coast
88%
35,577 Cairns
72%
16,935 Sunshine Coast
54%
10,758 Norfolk Island
33%
No matching quizzes found
Score Distribution
Percent of People with Each Score
Percentile by Number Answered
Your Score History
You have not taken this quiz